Southville International School and Colleges
Your cart is empty.
  • Cart
  • Lists
    Public lists Eva Luna New books Lux_list list_1
    Your lists Log in to create your own lists
  • Log in to your account
  • Your cookies
  • Search history
Southville International School and Colleges
  • Advanced search
  • Recent comments
  • Most popular
  • Libraries

Log in to your account

Log in with GOOGLE


If you do not have an external account, but do have a local account, you can still log in:

  1. Home
  2. MARC view: Communicating with learners in the lifelong learning sector.
Normal view MARC view ISBD view

Communicating with learners in the lifelong learning sector. (Record no. 24171)

[ view plain ]
MARC details
000 -LEADER
fixed length control field 00669nam a2200205 a 4500
005 - DATE AND TIME OF LATEST TRANSACTION
control field 20140310183511.0
008 - FIXED-LENGTH DATA ELEMENTS--GENERAL INFORMATION
fixed length control field 101014s19uu xx 00 eng d
020 ## - INTERNATIONAL STANDARD BOOK NUMBER
International Standard Book Number 9781844453771
050 ## - LIBRARY OF CONGRESS CALL NUMBER
Classification number LB 1033.5
Item number .Ap66 2010
100 ## - MAIN ENTRY--PERSONAL NAME
Personal name Appleyard, Nancy
245 ## - TITLE STATEMENT
Title Communicating with learners in the lifelong learning sector.
Statement of responsibility, etc Nancy Appleyard
260 ## - PUBLICATION, DISTRIBUTION, ETC. (IMPRINT)
Place of publication, distribution, etc Great Britain :
Name of publisher, distributor, etc learning Matters,
Date of publication, distribution, etc 2010.
300 ## - PHYSICAL DESCRIPTION
Extent 138 p. :
Other physical details ill. ;
Dimensions 25 cm.
440 ## - SERIES STATEMENT/ADDED ENTRY--TITLE
Title Achieving QTLS
650 ## - SUBJECT ADDED ENTRY--TOPICAL TERM
Topical term or geographic name as entry element Communication in Education-Great Britain.
650 ## - SUBJECT ADDED ENTRY--TOPICAL TERM
Topical term or geographic name as entry element Teacher-student relationships-Great Britain.
700 ## - ADDED ENTRY--PERSONAL NAME
Personal name Appleyard, Keith
942 ## - ADDED ENTRY ELEMENTS (KOHA)
Koha item type Books
Source of classification or shelving scheme Library of Congress Classification
Call number prefix Foreign
Holdings
Withdrawn status Lost status Source of classification or shelving scheme Damaged status Home library Current library Shelving location Date acquired Source of acquisition Total Checkouts Full call number Barcode Date last seen Copy number Price effective from Koha item type
    Library of Congress Classification   College Library College Library General Circulation Section 10/14/2010 Donation   LB 1033.5 .Ap66 2010 C11558 05/15/2018 1 03/10/2014 Books

Communicating with learners in the lifelong learning sector.

APA

Appleyard N., Appleyard K., . (2010). Communicating with learners in the lifelong learning sector. Great Britain: learning Matters.

Chicago

Appleyard Nancy, Appleyard Keith, . 2010. Communicating with learners in the lifelong learning sector. Great Britain: learning Matters.

Harvard

Appleyard N., Appleyard K., . (2010). Communicating with learners in the lifelong learning sector. Great Britain: learning Matters.

MLA

Appleyard Nancy, Appleyard Keith, . Communicating with learners in the lifelong learning sector. Great Britain: learning Matters. 2010.

  • Place hold
  • Print
  • Cite
  • Add to your cart (remove)
  • Save record
    BIBTEX Dublin Core MARCXML MARC (non-Unicode/MARC-8) MARC (Unicode/UTF-8) MARC (Unicode/UTF-8, Standard) MODS (XML) RIS
  • More searches
    Search for this title in:
    Other Libraries (WorldCat) Other Databases (Google Scholar) Online Stores (Bookfinder.com) Open Library (openlibrary.org)

Exporting to Dublin Core...

SOUTHVILLE LIBRARY

Southville International School and Colleges Library

1281 Tropical Ave. Cor. Luxembourg St., BF Homes International, Las Pinas City

Tel. No. 8256374 / 252358 Loc. 117/146

Powered by Koha